Statistics for Top Three Category Game - Geography #1

Click here to take the quiz!

General Stats

  • This quiz has been taken 72 times
  • The average score is 17 of 20

Answer Stats

CategoryRankAnswer% Correct
Largest by area2ndCanada
100%
Largest by area3rdChina
100%
Largest by area1stRussia
100%
Most populous city in North America3rdLos Angeles
98%
Most populous city in North America2ndNew York City
98%
Country with the most Muslims3rdIndia
97%
Northernmost capital3rdOslo
97%
Northernmost capital2ndHelsinki
94%
Most populous city in North America1stMexico City
92%
Country with the most Muslims2ndPakistan
92%
Which country has the most land area in Africa?N/AAlgeria
87%
Northernmost capital1stReykjavík
87%
Largest island by area3rdBorneo
84%
Country with the most Muslims1stIndonesia
84%
What is the most populous city in South America?N/ASão Paulo
84%
Largest island by area1stGreenland
82%
Largest island by area2ndNew Guinea
82%
What is the northernmost capital city in Africa?N/ATunis
76%
Which island is the most populous?N/AJava
50%
What was the official religion of the Persian Empire?N/AZoroastrianism
23%

Score Distribution

Percentile by Number Answered

Percent of People with Each Score

Your Score History

You have not taken this quiz